000 00320nas a22001337a 4500
001 T027600012153-00
008 190830b xxu||||| |||| 00| 0 esp |
040 _aFEVP
_cFEVP
245 _aVisión: la revista Interamericana
260 _c19910925
300 _a36p.
650 _aIntegración--América Latina
942 _cREV
999 _c17026
_d17026